Environmentálna regionalizácia Slovenskej republiky

Guardado en:
Detalles Bibliográficos
Otros Autores: Bohuš, Peter
Formato: Libro
Lenguaje:eslovaco
Publicado: Bratislava Ministerstvo životného prostredia SR 2002
Materias:
Etiquetas: Agregar Etiqueta
Sin Etiquetas, Sea el primero en etiquetar este registro!

MARC

LEADER 00000nam$a2200000$$$4500
001 0024300
005 20240318125545.2
020 |a 80-88850-48-7 
041 0 |a slo 
044 |a SK 
245 1 0 |a Environmentálna regionalizácia Slovenskej republiky  |c zostavovatelia: Peter Bohuš ... [et al.] 
264 1 |a Bratislava  |b Ministerstvo životného prostredia SR  |c 2002 
300 |a [80] s. 
610 2 0 |a prostredie životné 
610 2 0 |a regionalizácia 
610 2 0 |a environmentalistika 
610 2 0 |a ochrana prostredia životného 
610 2 0 |a zdroje prírodné 
610 2 0 |a vzduch 
610 2 0 |a voda 
610 2 0 |a pôda 
610 2 0 |a geológia 
610 2 0 |a odpad 
610 2 0 |a ochrana prírody 
610 2 0 |a legislatíva 
610 2 0 |a osídlenie 
610 2 0 |a Slovensko 
700 1 |a Bohuš, Peter